000 00247nam a22000977a 4500
999 _c11752
_d11752
008 200114b ||||| |||| 00| 0 eng d
020 _a9780811437738
100 _aHerschell Michael
_97439
245 _aAnimals in Danger
260 _bSteck-Vaughn
_c1995